00555nab a2200181 a 450000500170000000800410001703500190005810000210007722200350009824501020013330000120023536200360024765300110028365300220029465300250031690500130034199900190035420210219160851.0991125s1985 mx 000 0 spa u aUPN010001741031 aBeigel, Fernanda aREVISTA MEXICANA DE SOCIOLOGIA aLa FLACSO Chilena y la regionalización de las ciencias sociales en América Latina : 1957-1973 a319-3490 a2009 Año 71, no. 2, abr.-jun.0 aFLACSO0 aCIENCIAS SOCIALES0 aDESARROLLO ACADEMICO aArticulo c146207d146207